MARC

LEADER 00000nam0a2200000 4500
001 289794
005 20231102000224.0
020 |a RU  |b 83-68196 
035 |a (RuTPU)RU\TPU\book\314310 
090 |a 289794 
100 |a 20150402d1983 k y0rusy5003 ca 
101 0 |a rus 
102 |a RU 
105 |a a z 001zy 
200 1 |a Течения прибрежной зоны озера Байкал  |f В. А. Фиалков  |g Академия наук СССР (АН СССР), Сибирское отделение (СО), Лимнологический институт ; под ред. В. А. Знаменского 
210 |a Новосибирск  |c Наука  |d 1983 
215 |a 192 с.  |c ил. 
320 |a Библиогр.: с. 180-191 
606 1 |a Геоморфология  |2 stltpush  |3 (RuTPU)RU\TPU\subj\6207  |9 34142 
610 1 |a Байкал 
610 1 |a озера 
610 1 |a вода 
610 1 |a циркуляция 
610 1 |a течения 
610 1 |a прибрежная зона 
610 1 |a районирование 
675 |a 551.4  |z rus  |v 4 
700 1 |a Фиалков  |b В. А.  |g Владимир Абрамович 
702 1 |a Знаменский  |b В. А.  |4 340 
712 0 2 |a Академия наук СССР (АН СССР)  |b Сибирское отделение (СО)  |b Лимнологический институт  |c (Иркутск)  |2 stltpush  |3 (RuTPU)RU\TPU\col\15682 
801 0 |a RU  |b RuMRKP  |c 19950704  |g psbo 
801 1 |a RU  |b 63413507  |c 20150402 
801 2 |a RU  |b 63413507  |c 20170710  |g RCR 
942 |c BK